Stuff White People Like - Statistics

General Stats
  • This quiz has been taken 1,642 times
    1,641 since last reset
  • The average score is 44 of 136
Answer Stats
Hint Answer % Correct
1 Coffee
90%
14 Having {Black} Friends
76%
15 Yoga
70%
13 Tea
64%
17 Hating Their {Parents}
62%
39 {Net}flix
62%
6 {Organic} Food
62%
5 {Farmer's} Markets
60%
93 {Music} Piracy
60%
40 {Apple} Products
59%
53 Dogs
58%
42 Sushi
58%
22 Having Two Last {Names}
57%
51 Living by the {Water}
57%
8 President {Barack} {Obama}
57%
12 {Non-Profit} Organizations
56%
3 {Film} Festivals
55%
26 {Manhattan} (And now Brooklyn too!)
53%
88 Having {Gay} Friends
52%
9 Making you feel bad about not going {outside}
52%
84 T-{Shirts}
52%
49 Vintage
50%
31 {Snow}boarding
49%
72 {Study} Abroad
49%
98 The {Ivy} League
49%
32 Vegan/Vegetarianism
49%
38 {Arrested} Development
48%
58 Japan
48%
78 Multi{lingual} Children
48%
10 Wes {Anderson} Movies
47%
75 Threatening to Move to {Canada}
46%
45 Asian {Fusion} Food
45%
48 {Whole} Foods and Grocery Co-ops
45%
24 Wine
45%
20 Being an Expert on YOUR {Culture}
44%
115 Promising to Learn a New {Language}
44%
60 Toyota {Prius}
44%
61 Bicycles
43%
2 {Religions} Their Parents Don't Belong To
43%
100 {Bumper} Stickers
42%
33 Marijuana
42%
43 Plays
41%
102 Children's {Games} as Adults
40%
73 {Gentri}fication
40%
16 Gifted {Children}
40%
27 Marathons
40%
67 Standing {Still} at Concerts
40%
11 {Asian} Girls
39%
57 Juno
38%
59 {Natural} Medicine
38%
119 {Sea} Salt
38%
28 Not having a {TV}
37%
64 Recycling
36%
83 Bad Memories of {High} {School}
35%
82 Hating {Corporations}
35%
74 {Oscar} Parties
35%
47 {Arts} Degrees
34%
113 Halloween
34%
117 {Political} Prisoners
34%
21 {Writers} Workshops
34%
71 Being the only {white} {person} around
33%
56 Lawyers
33%
77 Musical {Comedy}
33%
118 {Ugly} Sweater Parties
33%
30 {Wrigley} Field
33%
34 Architecture
32%
112 Hummus
32%
120 Taking a {Year} {Off}
32%
41 {Indie} Music
31%
95 Rugby
31%
132 Picking Their Own {Fruit}
30%
109 The {Onion}
30%
123 {Mad} Men
29%
44 Public {Radio}
29%
52 Sarah {Silverman}
29%
19 Traveling
29%
127 Where the {Wild} {Things} Are
29%
92 {Book} Deals
28%
99 Grammar
28%
125 Bob {Marley}
27%
69 {Mos} Def
27%
46 The Sunday {New} {York} {Times}
27%
18 Awareness
26%
37 Renovations
26%
76 {Bottles} of Water
25%
36 {Breakfast} Places
25%
70 Difficult {Breakups}
25%
106 Facebook
25%
121 Funny or Ironic {Tattoos}
25%
129 Banksy
24%
89 {St.} {Patrick's} Day
24%
35 The Daily Show/Colbert Report
24%
94 Free {Healthcare}
22%
107 Self Aware {Hip} {Hop} References
22%
135 {Roller} Derby
21%
91 San Francisco
21%
103 Sweaters
21%
65 Co-Ed {Sports}
20%
81 {Graduate} School
20%
62 Knowing What's Best for {Poor} {People}
20%
133 The {World} {Cup}
20%
4 {Assists} (in basketball)
19%
126 {Vespa} Scooters
19%
114 America
18%
131 Conan O'Brien
18%
85 The Wire
18%
29 {80s} Night
17%
23 Micro{breweries}
17%
86 Shorts
17%
7 Diversity
15%
66 Divorce
15%
90 {Dinner} Parties
14%
110 {Frisbee} Sports
14%
130 {Ray-Ban} Wayfarers
14%
105 Unpaid {Internships}
14%
108 Appearing to Enjoy {Classical} Music
13%
111 {Pea} Coats
13%
97 Scarves
13%
134 The {TED} Conference
13%
128 Camping
11%
87 Outdoor Performance {Clothes}
11%
25 David {Sedaris}
10%
63 Expensive {Sandwiches}
10%
104 Girls with {Bangs}
10%
50 Irony
10%
54 {Kitchen} Gadgets
10%
79 {Modern} Furniture
10%
116 {Black} {Music} that Black People Don't Listen to Anymore
9%
80 The {Idea} of Soccer
9%
55 Apologies
8%
136 My {So} {Called} {Life}
8%
96 {New} {Balance} Shoes
8%
101 Being {Offended}
7%
122 {Moleskine} Notebooks
4%
124 Hating People Who Wear {Ed} {Hardy}
3%
68 Michele {Gondry}
3%
No matching quizzes found
Score Distribution
Percent of People with Each Score
Percentile by Number Answered
Your Score History
You have not taken this quiz since the last reset